书目信息 |
| 题名: |
中国当代生态生产力发展研究
|
|
| 作者: | 王鲁娜 著 | |
| 分册: | ||
| 出版信息: | 北京 中国社会科学出版社 2021.03 |
|
| 页数: | 213页 | |
| 开本: | 24cm | |
| 丛书名: | ||
| 单 册: | ||
| 中图分类: | F120.2 | |
| 科图分类: | ||
| 主题词: | 生产力--sheng chan li--发展--研究--中国 | |
| 电子资源: | ||
| ISBN: | 978-7-5203-7778-2 | |
| 000 | 01416nam0 2200289 450 | |
| 001 | 202021192731 | |
| 005 | 20211025120136.0 | |
| 010 | @a978-7-5203-7778-2@dCNY78.00 | |
| 092 | @aCN@bRt971-1807 | |
| 100 | @a20210925d2021 em y0chiy50 ea | |
| 101 | 0 | @achi |
| 102 | @aCN@b110000 | |
| 105 | @ay a 000yy | |
| 106 | @ar | |
| 200 | 1 | @a中国当代生态生产力发展研究@Azhong guo dang dai sheng tai sheng chan li fa zhan yan jiu@d= Ecological productivity research on the development of China's contemporary@f王鲁娜著@zeng |
| 210 | @a北京@c中国社会科学出版社@d2021.03 | |
| 215 | @a213页@d24cm | |
| 300 | @a2010年国家社会科学基金青年项目“中国当代生态生产力发展研究” | |
| 314 | @a王鲁娜, 哲学博士, 硕士生导师。 | |
| 320 | @a有书目 (第205-211页) | |
| 330 | @a本书全面分析了中国当代生态生产力发展的现实背景、现实目标、发展机制、发展模式等问题。通过对中国当代生态生产力发展现实背景的分析, 凸显中国当代生态生产力发展的特殊性及其需要关注的重点问题 ; 对中国当代生态生产力现实发展目标的分析, 为当代生态生产力发展提供理论指引和现实遵循 ; 对中国当代生态生产力发展机制的分析, 着重构建了当代生态生产力的发展理念、实践方式和协同机制。 | |
| 510 | 1 | @aEcological productivity research on the development of China's contemporary@zeng |
| 606 | 0 | @a生产力@Asheng chan li@x发展@x研究@y中国 |
| 690 | @aF120.2@v5 | |
| 701 | 0 | @a王鲁娜@Awang lu na@4著 |
| 801 | 0 | @aCN@c20210909 |
| 905 | @a河南城建学院图书馆@dF120.2@eW264 | |
| 中国当代生态生产力发展研究= Ecological productivity research on the development of China's contemporary/王鲁娜著.-北京:中国社会科学出版社,2021.03 |
| 213页;24cm |
| 2010年国家社会科学基金青年项目“中国当代生态生产力发展研究” |
| ISBN 978-7-5203-7778-2:CNY78.00 |
| 本书全面分析了中国当代生态生产力发展的现实背景、现实目标、发展机制、发展模式等问题。通过对中国当代生态生产力发展现实背景的分析, 凸显中国当代生态生产力发展的特殊性及其需要关注的重点问题 ; 对中国当代生态生产力现实发展目标的分析, 为当代生态生产力发展提供理论指引和现实遵循 ; 对中国当代生态生产力发展机制的分析, 着重构建了当代生态生产力的发展理念、实践方式和协同机制。 |
| ● |
| 相关链接 |
|
|
|
正题名:中国当代生态生产力发展研究
索取号:F120.2/W264
 
预约/预借
| 序号 | 登录号 | 条形码 | 馆藏地/架位号 | 状态 | 备注 |
| 1 | 1542017 | 215420177 | 社科库409/409社科库 68排1列1层/ [索取号:F120.2/W264] | 在馆 | |
| 2 | 1542018 | 215420186 | 社科库409/409社科库 68排1列1层/ [索取号:F120.2/W264] | 在馆 |